| 000 | 00634nam a2200241Ia 4500 | ||
|---|---|---|---|
| 003 | OSt | ||
| 005 | 20221005032201.0 | ||
| 006 | a|||||r|||| 00| 0 | ||
| 007 | ta | ||
| 008 | 221004b |||||||| |||| 00| 0 eng d | ||
| 024 | _a33835 | ||
| 037 | _cTextual | ||
| 040 |
_aCRL _cCRL _beng |
||
| 041 |
_2eng _aeng |
||
| 082 | _a2:7, H4 | ||
| 100 |
_aHutchins Margaret _948657 |
||
| 245 | 0 | _aIntroduction to reference work | |
| 260 |
_aChicago _bAmerican Library Association _c1944 |
||
| 300 |
_a214p. _ccm. |
||
| 650 | _aLIBRARY SCIENCE | ||
| 942 |
_h2:7, H4 _cTEXL _2cc |
||
| 999 |
_c939216 _d939216 |
||